|
|
|
|
| LEADER |
00693nam a2200217Ia 4500 |
| 008 |
240830s9999 xx 000 0 und d |
| 040 |
|
|
|a CEDOC FIQ-RUSB / 641.4 N583
|
| 041 |
|
|
|a spa
|
| 082 |
|
|
|a 641.4 N583
|
| 100 |
1 |
|
|a Nicaragua, Ministerio de salud
|
| 245 |
1 |
0 |
|a Compendio de normas técnicas obligatorias de alimentos
|
| 260 |
|
|
|a Nicaragua
|b MINSA
|c 2005
|
| 300 |
|
|
|a 326 p. :il
|
| 650 |
7 |
|
|a ALIMENTOS-NORMAS
|
| 650 |
7 |
|
|b NORMAS SANITARIAS DE MANIPULACIÓN DE ALIMENTOS
|
| 650 |
7 |
|
|c NORMAS TÉCNICAS DE ALMACENAMIENTO DE ALIMENTOS
|
| 650 |
7 |
|
|d NORMAS DE PRODUCTOS LÁCTEOS, PRODUCTOS CÁRNICOS
|
| 650 |
7 |
|
|e NORMAS DE BEBIDAS
|
| 942 |
|
|
|c BK
|2 ddc
|
| 991 |
|
|
|a TEXTO
|
| 999 |
|
|
|c 13092
|